Music Quiz

Random Music or The Beatles Quiz

Complete the Beatles Song... With a Picture Quiz Stats

 Plays Quiz Updated Feb 2, 2018

Score 0/20 Timer 05:00
0 Plays Today
% Correct
Lucy in the Sky
With DIAMONDS
96.3%
STRAWBERRY Fields Forever
95.8%
Yellow SUBMARINE
95.5%
ELEANOR Rigby
94.6%
I Am the WALRUS
93.6%
PENNY Lane
92.6%
Here Comes the SUN
91.3%
Ticket to RIDE
91%
Let IT Be
89.8%
She Came In Through
the BATHROOM Window
84.1%
% Correct
Octopus's GARDEN
80.7%
ROCKY Raccoon
77.3%
Everybody's Got Something to Hide Except
for Me and My MONKEY
71.2%
Maxwell's Silver HAMMER
71.1%
Being for the
Benefit of Mr. KITE!
66.4%
Doctor ROBERT
65.8%
Norwegian WOOD
(This Bird Has Flown)
61.1%
Mean Mr. MUSTARD
60.7%
Savoy TRUFFLE
57.3%
The Continuing Story
of BUNGALOW Bill
53%

You're not logged in!

Compare scores with friends on all Sporcle quizzes.
Join for Free
OR
Log In

You Might Also Like...

Show Comments

Extras

Top Quizzes Today


Score Distribution

Your Account Isn't Verified!

In order to create a playlist on Sporcle, you need to verify the email address you used during registration. Go to your Sporcle Settings to finish the process.

Report this User

Report this user for behavior that violates our Community Guidelines.

Details: